Les dieux grecs - Statistiques

Statistiques générales
  • Ce quiz a été pris 1 475 fois
    1 452 depuis la dernière actualisation
  • Le résultat moyen est 19 sur 51
Statistiques - réponses
Noms romains Noms grecs % Correct
Jupiter Zeus
96%
Neptune Poséidon
91%
Vénus Aphrodite
90%
Junon Héra
89%
Minerve Athéna
88%
Pluton Hadès
88%
Mars Arès
87%
Apollon ou Phoebus Apollon
85%
Diane Artémis
81%
Vulcain Héphaïstos
79%
Mercure Hermès
79%
Bacchus Dionysos
76%
Hercule Héraclès
69%
Cérès Déméter
67%
Proserpine Perséphone
67%
Tellus ou Terra Gaïa
61%
Cupidon Eros
60%
Vesta Hestia
58%
Saturne Cronos
56%
Morpheus Morphée
45%
Faunus Pan
42%
Uranus Ouranos
41%
Sol Hélios
30%
Aeolus Eole
27%
Luna Séléné
26%
Esculape Asclépios
25%
Ops Rhéa
22%
Juventas Hébé
21%
Discorde Eris
20%
Latone Léto
17%
Trivia Hécate
15%
Aucun Atlas
14%
Aquilon Borée
13%
Aurore Eos
13%
Maïa Maïa
12%
Justitia Thémis
12%
Favonius Zéphyr
10%
Aucun Thétis
7%
Fortuna Tyché
7%
Aucun Charon
6%
Flore Chloris
6%
Plutus Ploutos
6%
Aucun Métis
5%
Mutunus Tutunus Priape
5%
Aucun Até
4%
Meditrina Hygie
4%
Aucun Minos
4%
Aucun Océanos
4%
Aucun Triton
4%
Aucun Achlys
2%
Aucun Rhadamanthe
2%
Aucun quiz correspondant
Distribution des résultats
% des personnes avec chaque résultat
Percentile par nombre de réponses
Votre historique - résultats
Vous n’avez pas pris ce quiz depuis la dernière actualisation